000
00327nam a2200133Ia 4500
008
240624s9999 xx 000 0 und d
041
_a
eng
082
_a
658.45 BEL
100
_a
BELL ARTHUR H
245
_a
MANAGEMENT COMMUNICATION
260
_c
2005
_a
New York
_b
John Wiley
300
_a
x, : 546 : p. : cm. ; 24
365
_c
RS
999
_c
3115
_d
3115